[Event "Pere Noel"]
[Site "Montreal CAN"]
[Date "2009.12.28"]
[Round "3"]
[White "Sarrazin-Gendron, Roman"]
[Black "Vassileva, Svetla"]
[Result "1-0"]
[WhiteElo "1910"]
[BlackElo "1741"]
[PlyCount "123"]
[GameId "2160767910029905"]
[EventDate "2009.12.26"]
[EventType "swiss"]
[EventRounds "5"]
[EventCountry "CAN"]
[SourceTitle "hb 2010.01"]

1. Nf3 Nf6 2. c4 g6 3. Nc3 Bg7 4. e4 d6 5. d4 O-O 6. Be2 e5 7. O-O Nbd7 8. d5 Nc5 9. Qc2 a5 10. b3 Nh5 11. Be3 b6 12. Nd2 Nf4 13. a3 f5 14. f3 Qg5 15. Bxf4 exf4 16. b4 axb4 17. axb4 Rxa1 18. Rxa1 Nd7 19. Ra7 Bd4+ 20. Kh1 Qh4 21. Nb5 Qe1+ 22. Nf1 Be3 23. Qd1 Qxd1 24. Bxd1 fxe4 25. fxe4 Ne5 26. Ra3 Nxc4 27. Rc3 Ne5 28. Nxc7 Ng4 29. Bxg4 Bxg4 30. h3 Bd4 31. Rc6 Be2 32. Nh2 Rc8 33. Ne6 Rxc6 34. dxc6 Be5 35. Ng4 Kf7 36. Nc7 Ke7 37. Nd5+ Kd8 38. Nxe5 dxe5 39. Nc3 Bc4 40. b5 g5 41. Kg1 h5 42. Kf2 g4 43. hxg4 hxg4 44. g3 f3 45. Ke3 Kc8 46. Nd1 Bxb5 47. Nf2 Bxc6 48. Nxg4 b5 49. Kxf3 b4 50. Nxe5 b3 51. Nc4 Kd7 52. Ke3 Ke6 53. Kd4 Kf6 54. e5+ Kg5 55. Kc5 Be8 56. Kb4 b2 57. Nxb2 Kg4 58. Nc4 Kxg3 59. Kc5 Kf4 60. Kd6 Kf5 61. e6 Kf6 62. e7 1-0

[Event "Pere Noel"]
[Site "Montreal CAN"]
[Date "2009.12.28"]
[Round "3"]
[White "Tremblay, Alain"]
[Black "Goldenberg, Danny"]
[Result "0-1"]
[WhiteElo "2093"]
[BlackElo "2323"]
[PlyCount "72"]
[GameId "2160767910029906"]
[EventDate "2009.12.26"]
[EventType "swiss"]
[EventRounds "5"]
[EventCountry "CAN"]
[SourceTitle "hb 2010.01"]

1. e4 c5 2. Nf3 Nc6 3. d4 cxd4 4. Nxd4 e5 5. Nb5 d6 6. Be3 a6 7. N5c3 Be6 8. Nd2 Nf6 9. Bg5 h6 10. Bxf6 Qxf6 11. Nc4 Qf4 12. Nb6 Rd8 13. Bd3 Ne7 14. g3 Qg5 15. Qe2 g6 16. h4 Qf6 17. O-O-O Bg7 18. Rdf1 O-O 19. f4 exf4 20. gxf4 Qd4 21. f5 Qxb6 22. f6 Nc6 23. fxg7 Kxg7 24. h5 Ne5 25. Nd5 Bxd5 26. exd5 Qd4 27. Rh3 Rde8 28. Qh2 g5 29. Qg2 Re7 30. Rg3 Nxd3+ 31. Rxd3 Qe5 32. Rg3 f6 33. Rd3 f5 34. Qd2 f4 35. Qb4 Rc8 36. a4 Qe2 0-1

[Event "Pere Noel"]
[Site "Montreal CAN"]
[Date "2009.12.28"]
[Round "3"]
[White "Voloaca, Mihnea"]
[Black "Arsenault, Nicolas"]
[Result "1/2-1/2"]
[WhiteElo "2325"]
[BlackElo "2214"]
[PlyCount "39"]
[GameId "2160767910029907"]
[EventDate "2009.12.26"]
[EventType "swiss"]
[EventRounds "5"]
[EventCountry "CAN"]
[SourceTitle "hb 2010.01"]

1. d4 Nf6 2. c4 e6 3. Nf3 b6 4. a3 Ba6 5. Qc2 Bb7 6. Nc3 c5 7. dxc5 Bxc5 8. Bf4 a6 9. Rd1 O-O 10. e4 Nh5 11. Bd6 Bxd6 12. Rxd6 Qc7 13. Qd2 Nf6 14. Qd4 Nc6 15. Qd1 Rfd8 16. Be2 Na5 17. Qd4 Nc6 18. Qd1 Na5 19. Qd4 Nc6 20. Qd1 1/2-1/2

[Event "Pere Noel"]
[Site "Montreal CAN"]
[Date "2009.12.28"]
[Round "3"]
[White "Voskanyan, Vahagn"]
[Black "Dumont, Felix"]
[Result "1-0"]
[WhiteElo "2188"]
[BlackElo "1955"]
[PlyCount "57"]
[GameId "2160767910029908"]
[EventDate "2009.12.26"]
[EventType "swiss"]
[EventRounds "5"]
[EventCountry "CAN"]
[SourceTitle "hb 2010.01"]

1. Nf3 Nf6 2. c4 g6 3. Nc3 Bg7 4. g3 O-O 5. Bg2 d6 6. d4 Nbd7 7. O-O c6 8. h3 e5 9. dxe5 Nxe5 10. Nxe5 dxe5 11. Qb3 Qc7 12. Be3 Be6 13. a4 Nd7 14. Ne4 b5 15. axb5 cxb5 16. Qxb5 Bxc4 17. Rfc1 Bxb5 18. Rxc7 Rfc8 19. Rxc8+ Rxc8 20. Nd6 Rc2 21. Nxb5 Rxb2 22. Rxa7 Rxb5 23. Rxd7 h5 24. Bd5 Rb2 25. Bxf7+ Kh7 26. Rd6 Rxe2 27. Bxg6+ Kg8 28. Rd8+ Bf8 29. Bh6 1-0

[Event "Pere Noel"]
[Site "Montreal CAN"]
[Date "2009.12.28"]
[Round "3"]
[White "Zhang, Zhiyuan"]
[Black "Lemieux, Serge"]
[Result "0-1"]
[WhiteElo "1884"]
[BlackElo "1515"]
[PlyCount "49"]
[GameId "2160767910029909"]
[EventDate "2009.12.26"]
[EventType "swiss"]
[EventRounds "5"]
[EventCountry "CAN"]
[SourceTitle "hb 2010.01"]

1. d4 Nf6 2. Nf3 e6 3. c4 b6 4. Nc3 Bb7 5. Bg5 Be7 6. e3 d5 7. cxd5 Nxd5 8. Bxe7 Qxe7 9. Bd3 Nd7 10. O-O O-O 11. a3 N7f6 12. Ne5 Nxc3 13. bxc3 Be4 14. Bxe4 Nxe4 15. Qd3 f5 16. c4 c5 17. f4 Rac8 18. Rfd1 Rfd8 19. Qc2 cxd4 20. exd4 Rc7 21. Rd3 Rc5 22. dxc5 Qxc5+ 23. Kf1 Rxd3 24. Nxd3 Qd4 25. Rd1 0-1

[Event "Pere Noel"]
[Site "Montreal CAN"]
[Date "2009.12.29"]
[Round "4"]
[White "Barbeau, Sylvain"]
[Black "Robichaud, Louis"]
[Result "1-0"]
[WhiteElo "2372"]
[BlackElo "2040"]
[PlyCount "103"]
[GameId "2160767910029911"]
[EventDate "2009.12.26"]
[EventType "swiss"]
[EventRounds "5"]
[EventCountry "CAN"]
[SourceTitle "hb 2010.01"]

1. Nf3 Nf6 2. g3 g6 3. Bg2 Bg7 4. O-O O-O 5. c4 d6 6. Nc3 e5 7. d3 c6 8. Rb1 h6 9. b4 Be6 10. a4 Nbd7 11. b5 Qc7 12. Bd2 c5 13. Ne1 Ne8 14. Nc2 f5 15. Ne3 Nef6 16. a5 Rae8 17. b6 axb6 18. Nb5 Qb8 19. axb6 Nxb6 20. Ba5 Na8 21. Nc7 Nxc7 22. Rxb7 Qa8 23. Bxc7 e4 24. Qb3 Rf7 25. Rb1 Bc8 26. Rb8 Qc6 27. Ba5 Nd7 28. Rb5 Ba6 29. dxe4 fxe4 30. Bh3 Bd4 31. Be1 Kh7 32. Qa2 Bc8 33. Nd5 Ne5 34. Bg2 Ng4 35. e3 Bg7 36. Qc2 Kh8 37. Rb8 Ne5 38. Bxe4 Bf5 39. Kh1 Bxe4+ 40. Qxe4 Rff8 41. Rxe8 Qxe8 42. Kg2 Qf7 43. f4 Nc6 44. Qd3 Re8 45. Bc3 Ra8 46. Rb6 Ra2+ 47. Kg1 Qd7 48. Qxg6 Bxc3 49. Qxh6+ Kg8 50. Rxc6 Bg7 51. Qxd6 Qh3 52. Qe6+ 1-0

[Event "Pere Noel"]
[Site "Montreal CAN"]
[Date "2009.12.29"]
[Round "4"]
[White "Bergeron, Rene"]
[Black "Ramaswamy, Kiran"]
[Result "0-1"]
[WhiteElo "1560"]
[BlackElo "1828"]
[PlyCount "60"]
[GameId "2160767910029912"]
[EventDate "2009.12.26"]
[EventType "swiss"]
[EventRounds "5"]
[EventCountry "CAN"]
[SourceTitle "hb 2010.01"]

1. c4 e5 2. Nc3 g6 3. g3 Bg7 4. Bg2 Ne7 5. e4 O-O 6. Nf3 d6 7. O-O f5 8. d4 Nbc6 9. dxe5 Nxe5 10. Nxe5 Bxe5 11. Bg5 Bf6 12. Bxf6 Rxf6 13. Nd5 Nxd5 14. Qxd5+ Kg7 15. e5 Re6 16. Rfe1 Qe7 17. f4 dxe5 18. Rxe5 Rxe5 19. fxe5 Rb8 20. Rd1 Be6 21. Qd4 b6 22. Bd5 Rd8 23. Kg2 c6 24. Kh3 cxd5 25. b3 Rd7 26. Rf1 dxc4 27. Qc3 cxb3 28. axb3 Qc5 29. Qf3 Qb4 30. Qc6 Qg4+ 0-1

[Event "Pere Noel"]
[Site "Montreal CAN"]
[Date "2009.12.29"]
[Round "4"]
[White "Cvetkovic, Simeon"]
[Black "Masse, Hugues"]
[Result "0-1"]
[WhiteElo "1926"]
[BlackElo "2213"]
[PlyCount "196"]
[GameId "2160767910029913"]
[EventDate "2009.12.26"]
[EventType "swiss"]
[EventRounds "5"]
[EventCountry "CAN"]
[SourceTitle "hb 2010.01"]

1. d4 Nf6 2. e3 d5 3. c3 Bf5 4. Bd3 Bxd3 5. Qxd3 Nbd7 6. f4 e6 7. Nd2 c5 8. Ngf3 Bd6 9. Ne5 O-O 10. O-O cxd4 11. exd4 Ne8 12. Ndf3 f6 13. Ng4 f5 14. Nge5 Nef6 15. Ng5 Qe7 16. Qh3 g6 17. Qh6 Rae8 18. Rf3 Qg7 19. Qh4 Ne4 20. Nxd7 Qxd7 21. Rh3 Re7 22. Re3 Rg7 23. Nf3 Qd8 24. Qxd8 Rxd8 25. g3 h6 26. Re2 Rc7 27. Ne1 Kf7 28. Nd3 Kf6 29. Be3 Rb8 30. Rae1 b6 31. Kf1 Rh8 32. Kg2 Re8 33. Bc1 b5 34. Be3 a5 35. a3 Rc4 36. Rc1 Rb8 37. Rec2 Rbc8 38. Ne1 Kf7 39. Kf3 Kf6 40. Ke2 g5 41. Kf3 g4+ 42. Kg2 h5 43. Bf2 Be7 44. Kg1 Bd6 45. Kg2 Kg7 46. Be3 Be7 47. Bf2 R8c7 48. Kg1 Bd6 49. Be3 Rc8 50. Kg2 h4 51. Bf2 h3+ 52. Kf1 Kf7 53. Be3 Ke7 54. Ke2 Kd7 55. Kd3 R8c7 56. Bg1 Rc8 57. Be3 Rb8 58. Ra1 Rc7 59. Rac1 Rh8 60. Bg1 Rb8 61. Ke2 b4 62. axb4 axb4 63. cxb4 Rxc2+ 64. Rxc2 Bxb4 65. Nd3 Bd6 66. Rc1 Rb6 67. Rc2 Rb3 68. Rc1 Rb8 69. Be3 Rc8 70. Rxc8 Kxc8 71. Kd1 Kc7 72. Kc2 Kc6 73. Kb3 Kb5 74. Nf2 Nf6 75. Bd2 Be7 76. Nd3 Ne4 77. Be3 Bf6 78. Nf2 Nd6 79. Kc3 Nc4 80. Bc1 Nd6 81. Be3 Bd8 82. Nd3 Ne4+ 83. Kb3 Ba5 84. Kc2 Bb4 85. Bc1 Nxg3 86. hxg3 Be1 87. Be3 h2 88. Bf2 Bb4 89. Kd1 h1=Q+ 90. Ke2 Qf3+ 91. Kf1 Qxd3+ 92. Kg1 Qd1+ 93. Kg2 Kc4 94. b3+ Kd3 95. Kh2 Qf1 96. Be3 Ke4 97. Bd2 Kf3 98. Bxb4 Qg2# 0-1

[Event "Pere Noel"]
[Site "Montreal CAN"]
[Date "2009.12.29"]
[Round "4"]
[White "Dumont, Felix"]
[Black "Gueorguiev, Valentin"]
[Result "0-1"]
[WhiteElo "1955"]
[BlackElo "1704"]
[PlyCount "84"]
[GameId "2160767910029914"]
[EventDate "2009.12.26"]
[EventType "swiss"]
[EventRounds "5"]
[EventCountry "CAN"]
[SourceTitle "hb 2010.01"]

1. e4 g6 2. d4 Bg7 3. Nc3 c5 4. Nf3 cxd4 5. Nxd4 Nc6 6. Be3 Nf6 7. Nxc6 bxc6 8. e5 Ng8 9. Bd4 Qa5 10. e6 Bxd4 11. Qxd4 Nf6 12. exf7+ Kxf7 13. O-O-O Re8 14. f4 Qb6 15. Qd2 Rb8 16. b3 d5 17. h3 e5 18. fxe5 Rxe5 19. Bd3 Qe3 20. Rde1 Qxd2+ 21. Kxd2 Rxe1 22. Rxe1 Bd7 23. Na4 Re8 24. Rxe8 Kxe8 25. Nc5 Ke7 26. Ke3 Kd6 27. Kd4 Bc8 28. g4 g5 29. c4 h5 30. cxd5 cxd5 31. Bf5 Bxf5 32. gxf5 g4 33. hxg4 Nxg4 34. Nd3 h4 35. Nf4 Nh6 36. Nxd5 Nxf5+ 37. Ke4 h3 38. Kf3 Kxd5 39. Kf2 Kc5 40. a3 Nd4 41. b4+ Kb5 42. Kg3 Nc2 0-1

[Event "Pere Noel"]
[Site "Montreal CAN"]
[Date "2009.12.29"]
[Round "4"]
[White "Goldenberg, Danny"]
[Black "Voskanyan, Vahagn"]
[Result "1/2-1/2"]
[WhiteElo "2323"]
[BlackElo "2188"]
[PlyCount "80"]
[GameId "2160767910029915"]
[EventDate "2009.12.26"]
[EventType "swiss"]
[EventRounds "5"]
[EventCountry "CAN"]
[SourceTitle "hb 2010.01"]

1. d4 d5 2. c4 c6 3. e3 Nf6 4. Nc3 e6 5. Nf3 Nbd7 6. cxd5 exd5 7. Bd3 Bd6 8. O-O O-O 9. Rb1 a5 10. Qc2 Re8 11. Rd1 Qe7 12. h3 Ne4 13. Bxe4 dxe4 14. Nd2 Nf6 15. Nc4 Bc7 16. b3 Qe6 17. Bb2 Qf5 18. d5 Nxd5 19. Nxd5 cxd5 20. Na3 Bb8 21. Qc5 Be6 22. Nb5 Qg5 23. Kf1 Rc8 24. Qb6 Bh2 25. Nd4 Qe7 26. Rbc1 Bd6 27. Nxe6 fxe6 28. Qd4 h6 29. a4 Bc5 30. Qe5 b6 31. Kg1 Rf8 32. Bd4 Bd6 33. Qh5 Rf5 34. Qe2 Rb8 35. Rc6 Bc5 36. Qb5 Bxd4 37. Rxd4 Qf7 38. Rd2 Rf8 39. Qe2 Rb8 40. Qb5 Rf8 1/2-1/2

[Event "Pere Noel"]
[Site "Montreal CAN"]
[Date "2009.12.29"]
[Round "4"]
[White "Gulko, Andrei"]
[Black "Voloaca, Mihnea"]
[Result "0-1"]
[WhiteElo "2109"]
[BlackElo "2325"]
[PlyCount "84"]
[GameId "2160767910029916"]
[EventDate "2009.12.26"]
[EventType "swiss"]
[EventRounds "5"]
[EventCountry "CAN"]
[SourceTitle "hb 2010.01"]

1. d4 d6 2. Nf3 g6 3. c3 Bg7 4. e4 Nf6 5. Qc2 O-O 6. Be2 c5 7. d5 a6 8. a4 e6 9. c4 exd5 10. cxd5 Re8 11. Nc3 Bg4 12. O-O Nbd7 13. Bg5 Qc7 14. h3 Bxf3 15. Bxf3 c4 16. Be2 Nc5 17. Bxc4 Ncxe4 18. Nxe4 Nxe4 19. Be3 Rac8 20. Rac1 Ng3 21. Rfe1 Nf5 22. Bd3 Qxc2 23. Rxc2 Rxc2 24. Bxc2 Nxe3 25. Rxe3 Rc8 26. Re2 Bxb2 27. g3 Be5 28. Kg2 Kf8 29. Bb3 Rc3 30. Re3 Rc1 31. Re2 Rb1 32. Bc2 Rb2 33. Bd1 Rb4 34. Re3 Rd4 35. Bb3 h5 36. Kf3 Rb4 37. Ke2 Bd4 38. Rf3 Ke7 39. Kd2 Bxf2 40. Kc2 Bc5 41. Rf4 Rxf4 42. gxf4 Kf6 0-1

[Event "Pere Noel"]
[Site "Montreal CAN"]
[Date "2009.12.29"]
[Round "4"]
[White "He, Shao Hang"]
[Black "Chang, Michael"]
[Result "1-0"]
[WhiteElo "1660"]
[BlackElo "1602"]
[PlyCount "95"]
[GameId "2160767910029917"]
[EventDate "2009.12.26"]
[EventType "swiss"]
[EventRounds "5"]
[EventCountry "CAN"]
[SourceTitle "hb 2010.01"]

1. d4 Nf6 2. c4 e6 3. Nf3 Bb4+ 4. Bd2 Bxd2+ 5. Qxd2 O-O 6. Nc3 b6 7. e3 Bb7 8. Be2 Nc6 9. O-O d6 10. a3 Na5 11. Qc2 Rb8 12. b4 Bxf3 13. gxf3 Nc6 14. Kh1 Ne7 15. Rg1 g6 16. f4 d5 17. cxd5 Nfxd5 18. Bf3 f5 19. Rg5 Kf7 20. Rc1 c6 21. Rcg1 Rc8 22. Na4 Qd6 23. Qc1 Ng8 24. Qf1 Nge7 25. Qh3 Rh8 26. Qg2 Rcg8 27. Rc1 Rc8 28. Rg3 Qd7 29. Nc3 Nxc3 30. Rxc3 Qd6 31. h4 c5 32. bxc5 bxc5 33. Rxc5 Rxc5 34. dxc5 Qxc5 35. a4 Qb4 36. Bd1 Rd8 37. Qf1 Qb2 38. Rg1 Rd2 39. Rg2 Qf6 40. Rh2 Qa1 41. Be2 Qxa4 42. h5 Qe4+ 43. Kg1 Rd8 44. hxg6+ Nxg6 45. Rxh7+ Kf8 46. Rxa7 e5 47. Qh3 Ne7 48. Qh8+ 1-0

[Event "Pere Noel"]
[Site "Montreal CAN"]
[Date "2009.12.29"]
[Round "4"]
[White "Jiang, Louie"]
[Black "Sambuev, Bator"]
[Result "0-1"]
[WhiteElo "2312"]
[BlackElo "2528"]
[PlyCount "62"]
[GameId "2160767910029918"]
[EventDate "2009.12.26"]
[EventType "swiss"]
[EventRounds "5"]
[EventCountry "CAN"]
[SourceTitle "hb 2010.01"]

1. e4 e6 2. d4 d5 3. Nc3 Bb4 4. e5 c5 5. a3 Ba5 6. b4 cxd4 7. Nb5 Bc7 8. f4 Ne7 9. Bd3 Bd7 10. Nxc7+ Qxc7 11. Bb2 a6 12. Nf3 Ba4 13. Qe2 Nbc6 14. Nxd4 Rc8 15. Qf2 Nxd4 16. Bxd4 Bxc2 17. Rc1 Bxd3 18. Rxc7 Rxc7 19. Be3 Rc2 20. Bd2 O-O 21. h4 Rfc8 22. Qe3 Be4 23. O-O Nf5 24. Qe1 h5 25. Rf2 Nxh4 26. Qd1 g6 27. Kh2 Nf5 28. g3 R8c3 29. Be1 Ne3 30. Qa1 Ng4+ 31. Kh3 Nxf2+ 0-1

[Event "Pere Noel"]
[Site "Montreal CAN"]
[Date "2009.12.29"]
[Round "4"]
[White "Larochelle, Martial"]
[Black "Zhang, Zhiyuan"]
[Result "1-0"]
[WhiteElo "2133"]
[BlackElo "1844"]
[PlyCount "143"]
[GameId "2160767910029921"]
[EventDate "2009.12.26"]
[EventType "swiss"]
[EventRounds "5"]
[EventCountry "CAN"]
[SourceTitle "hb 2010.01"]

1. c4 c6 2. Nf3 d5 3. d4 a6 4. c5 Nd7 5. Bf4 Ngf6 6. h3 e6 7. Nc3 Be7 8. e3 b6 9. cxb6 Qxb6 10. a3 c5 11. dxc5 Nxc5 12. b4 Nce4 13. Na4 Qb7 14. Rc1 Bd7 15. Bd3 Bxb4+ 16. axb4 Qxb4+ 17. Nc3 Nxc3 18. Qd2 Na2 19. Rb1 Qxd2+ 20. Kxd2 a5 21. Rb7 Nb4 22. Rc1 Rc8 23. Rxc8+ Bxc8 24. Bb5+ Kd8 25. Rxf7 Bd7 26. Bxd7 Nxd7 27. Rxg7 h6 28. Ne5 Nxe5 29. Bxe5 Rf8 30. f4 Nc6 31. Bd6 Rf6 32. g4 a4 33. Kd3 e5 34. fxe5 Re6 35. Rh7 a3 36. Bxa3 Nxe5+ 37. Kd4 Nf3+ 38. Kxd5 Rxe3 39. Bc5 Rd3+ 40. Ke4 Rb3 41. Rxh6 Ng5+ 42. Kf5 Nxh3 43. Rh7 Rf3+ 44. Ke5 Rg3 45. Kd6 Rd3+ 46. Kc6 Ke8 47. Re7+ Kd8 48. Re1 Rc3 49. Re5 Nf2 50. Rf5 Rxc5+ 51. Kxc5 Nxg4 52. Kd6 Kc8 53. Rf4 Ne3 54. Ke5 Kb7 55. Kd4 Nc2+ 56. Kc5 Ne1 57. Kc4 Nc2 58. Rf3 Ne1 59. Rf2 Kc6 60. Kc3 Kd5 61. Kd2 Ke4 62. Kxe1 Ke3 63. Rf5 Ke4 64. Ra5 Ke3 65. Ra4 Kd3 66. Kf2 Kc3 67. Ke2 Kb3 68. Rd4 Kc3 69. Ke3 Kb3 70. Kd2 Ka3 71. Kc2 Ka2 72. Ra4# 1-0

[Event "Pere Noel"]
[Site "Montreal CAN"]
[Date "2009.12.29"]
[Round "4"]
[White "Lemieux, Serge"]
[Black "Moore, Ronald"]
[Result "0-1"]
[WhiteElo "1515"]
[BlackElo "1689"]
[PlyCount "34"]
[GameId "2160767910029923"]
[EventDate "2009.12.26"]
[EventType "swiss"]
[EventRounds "5"]
[EventCountry "CAN"]
[SourceTitle "hb 2010.01"]

1. d4 f5 2. c4 Nf6 3. e3 e6 4. Nf3 d5 5. Nc3 c6 6. Be2 Bd6 7. c5 Bc7 8. Bd2 O-O 9. Qc2 Nbd7 10. Ng5 Qe7 11. f4 h6 12. Nf3 Ne4 13. Rg1 b6 14. cxb6 axb6 15. a3 Bb7 16. Nxe4 fxe4 17. Ne5 Nxe5 0-1

[Event "Pere Noel"]
[Site "Montreal CAN"]
[Date "2009.12.29"]
[Round "4"]
[White "Poschmann, Jeremie"]
[Black "Tremblay, Alain"]
[Result "0-1"]
[WhiteElo "1813"]
[BlackElo "2093"]
[PlyCount "102"]
[GameId "2160767910029924"]
[EventDate "2009.12.26"]
[EventType "swiss"]
[EventRounds "5"]
[EventCountry "CAN"]
[SourceTitle "hb 2010.01"]

1. d4 Nf6 2. c4 e6 3. Nf3 d5 4. g3 dxc4 5. Bg2 Nbd7 6. Qa4 a6 7. Qxc4 b5 8. Qc2 Bb7 9. Nbd2 Be7 10. a3 O-O 11. b4 Nb6 12. O-O a5 13. bxa5 Rxa5 14. Nb3 Ra4 15. Nc5 Bxf3 16. Bxf3 Rc4 17. Qb3 Qxd4 18. Be3 Qc3 19. Qxc3 Rxc3 20. Na6 Nfd5 21. Bd4 Rc4 22. Bxb6 Nxb6 23. Rfc1 Bxa3 24. Rxc4 Nxc4 25. Nxc7 Rb8 26. Bc6 b4 27. Nb5 Rb6 28. Nxa3 Nxa3 29. Ba4 Rd6 30. Rc1 Rd8 31. Kf1 Kf8 32. Ke1 g6 33. Bb3 Ke7 34. Rc6 Rd6 35. Rc7+ Rd7 36. Rc6 Rb7 37. Kd1 Nb5 38. Rc4 f5 39. Kd2 Nd6 40. Rc1 Ra7 41. f3 Ra3 42. Kc2 Nb5 43. Rd1 Ra7 44. Kb2 Rc7 45. Rd2 Rc3 46. h4 h6 47. Rd3 Rxd3 48. exd3 Nd4 49. Bd1 Kd6 50. f4 e5 51. Kc1 exf4 0-1

[Event "Pere Noel"]
[Site "Montreal CAN"]
[Date "2009.12.29"]
[Round "4"]
[White "Prahov, Valentin"]
[Black "Gagnon, Serge"]
[Result "1-0"]
[WhiteElo "2209"]
[BlackElo "2000"]
[PlyCount "57"]
[GameId "2160767910029925"]
[EventDate "2009.12.26"]
[EventType "swiss"]
[EventRounds "5"]
[EventCountry "CAN"]
[SourceTitle "EXT 2011"]
[Source "ChessBase"]
[SourceDate "2011.11.26"]
[SourceVersion "1"]
[SourceVersionDate "2011.11.26"]
[SourceQuality "1"]

1. e4 g6 2. d4 Bg7 3. Nf3 d6 4. Nc3 c6 5. Bc4 b5 6. Nxb5 d5 7. Bb3 dxe4 8. Ng5 Nh6 9. Nc3 Qxd4 10. Qxd4 Bxd4 11. Ngxe4 Nf5 12. O-O O-O 13. Na4 Nd7 14. c3 Be5 15. Rd1 Nd6 16. Nac5 Nxe4 17. Nxe4 Kg7 18. Be3 Nb6 19. Bc5 Re8 20. Rd3 Bf5 21. f3 Nd7 22. Bd4 Bxe4 23. fxe4 Bxd4+ 24. Rxd4 Ne5 25. Rad1 Rab8 26. R1d2 Rb6 27. Ra4 Rb7 28. Ra5 Reb8 29. Rxe5 1-0

[Event "Pere Noel"]
[Site "Montreal CAN"]
[Date "2009.12.29"]
[Round "4"]
[White "Ramaswamy, Kishor"]
[Black "Luo, Zhao Yang"]
[Result "1-0"]
[WhiteElo "2219"]
[BlackElo "2012"]
[PlyCount "67"]
[GameId "2160767910029926"]
[EventDate "2009.12.26"]
[EventType "swiss"]
[EventRounds "5"]
[EventCountry "CAN"]
[SourceTitle "hb 2010.01"]

1. d4 Nf6 2. Nf3 g6 3. Bg5 Bg7 4. Nbd2 d5 5. e3 O-O 6. Be2 Nbd7 7. O-O h6 8. Bh4 c5 9. c3 e6 10. b4 c4 11. a4 a5 12. b5 Re8 13. Ne5 Qb6 14. f4 Nh7 15. Qc2 Nhf8 16. e4 Nxe5 17. fxe5 Bxe5 18. Bxc4 dxc4 19. Nxc4 Bxh2+ 20. Kxh2 Qc7+ 21. Ne5 f5 22. Bg3 Qg7 23. Nc4 Nd7 24. Rae1 Re7 25. Qe2 Rf7 26. Nd6 Rf8 27. Qa2 Kh7 28. Qxe6 Nc5 29. Qc4 Nxe4 30. Nxe4 fxe4 31. Be5 Qe7 32. Rxf8 Be6 33. Rxa8 Bxc4 34. Rh8# 1-0

[Event "Pere Noel"]
[Site "Montreal CAN"]
[Date "2009.12.29"]
[Round "4"]
[White "Schommer, Philippe"]
[Black "Sarrazin-Gendron, Roman"]
[Result "0-1"]
[WhiteElo "1764"]
[BlackElo "1910"]
[PlyCount "60"]
[GameId "2160767910029928"]
[EventDate "2009.12.26"]
[EventType "swiss"]
[EventRounds "5"]
[EventCountry "CAN"]
[SourceTitle "hb 2010.01"]

1. e4 c5 2. Nc3 Nc6 3. g3 g6 4. Bg2 Bg7 5. d3 e6 6. f4 d6 7. Nf3 Nge7 8. O-O O-O 9. Be3 Nd4 10. Rb1 Rb8 11. Kh1 b5 12. a3 b4 13. axb4 Rxb4 14. Nd2 Ba6 15. Na2 Rb8 16. Nc3 Nec6 17. Nf3 Nxc2 18. Qxc2 Nb4 19. Qd2 Bxd3 20. e5 Bxf1 21. Bxf1 dxe5 22. fxe5 Qxd2 23. Bxd2 Rfd8 24. Be3 Nd3 25. Na4 Nxe5 26. Nxe5 Bxe5 27. Bxc5 Bd4 28. Ba3 Rd5 29. b4 Ra5 30. Bb2 Rxb4 0-1

[Event "Pere Noel"]
[Site "Montreal CAN"]
[Date "2009.12.29"]
[Round "4"]
[White "Turcotte, Jonathan"]
[Black "Mathews, Theo"]
[Result "1-0"]
[WhiteElo "1863"]
[BlackElo "1724"]
[PlyCount "83"]
[GameId "2160767910029929"]
[EventDate "2009.12.26"]
[EventType "swiss"]
[EventRounds "5"]
[EventCountry "CAN"]
[SourceTitle "hb 2010.01"]

1. d4 d5 2. Nf3 f5 3. Bf4 Nf6 4. e3 e6 5. Bd3 Bd6 6. O-O O-O 7. c4 c6 8. Re1 Bc7 9. Nc3 Ne4 10. Rc1 Ba5 11. Nd2 Nxc3 12. bxc3 Nd7 13. Nf3 Bc7 14. Qc2 Nf6 15. cxd5 Nxd5 16. Bxc7 Qxc7 17. Ne5 Bd7 18. e4 fxe4 19. Bxe4 Nf6 20. Bd3 Rad8 21. Re3 Be8 22. Nf3 Bf7 23. h3 h6 24. Qa4 Nd5 25. Ree1 a6 26. Bb1 Qf4 27. Qc2 Nf6 28. Ne5 c5 29. Nd3 Qc7 30. Nxc5 Rfe8 31. Re5 a5 32. Rce1 b6 33. Nxe6 Rxe6 34. Rxe6 Bxe6 35. Rxe6 Rc8 36. Qb3 Kh8 37. Rxb6 Qxc3 38. Qxc3 Rxc3 39. Rb8+ Ng8 40. Bf5 Rc6 41. d5 Rc1+ 42. Kh2 1-0

[Event "Pere Noel"]
[Site "Montreal CAN"]
[Date "2009.12.29"]
[Round "4"]
[White "Vassileva, Svetla"]
[Black "Sprumont, Oscar"]
[Result "1/2-1/2"]
[WhiteElo "1741"]
[BlackElo "1593"]
[PlyCount "63"]
[GameId "2160767910029930"]
[EventDate "2009.12.26"]
[EventType "swiss"]
[EventRounds "5"]
[EventCountry "CAN"]
[SourceTitle "hb 2010.01"]

1. e4 d5 2. exd5 Qxd5 3. Nc3 Qd8 4. d4 Nf6 5. Nf3 c6 6. Be2 Bf5 7. O-O e6 8. Bf4 Be7 9. Qd2 O-O 10. Rad1 Nbd7 11. Rfe1 Bb4 12. Bd3 Bg4 13. Qe2 Bxc3 14. bxc3 Qa5 15. h3 Bxf3 16. Qxf3 Qxa2 17. c4 Qa5 18. Rb1 a6 19. Qg3 Rfc8 20. Be5 b5 21. cxb5 cxb5 22. h4 Nh5 23. Qg5 Nxe5 24. dxe5 g6 25. g4 Ng7 26. h5 Qd8 27. Qf4 Qh4 28. hxg6 hxg6 29. Re3 Nf5 30. Rf3 Nh6 31. Rg3 Nf5 32. Rf3 1/2-1/2

[Event "Pere Noel"]
[Site "Montreal CAN"]
[Date "2009.12.29"]
[Round "4"]
[White "Zhu, Hong Rui"]
[Black "Giroux, Robert"]
[Result "1/2-1/2"]
[WhiteElo "1727"]
[BlackElo "1847"]
[PlyCount "110"]
[GameId "2160767910029931"]
[EventDate "2009.12.26"]
[EventType "swiss"]
[EventRounds "5"]
[EventCountry "CAN"]
[SourceTitle "hb 2010.01"]

1. e4 e6 2. d4 d5 3. e5 c5 4. c3 Nc6 5. Nf3 Nh6 6. Bd3 Nf5 7. O-O g6 8. Bxf5 gxf5 9. Nbd2 h5 10. Re1 h4 11. h3 b6 12. a3 Bd7 13. b4 c4 14. Nf1 Be7 15. Bf4 a6 16. Qd2 Rg8 17. Ne3 Rg6 18. Kh1 Rc8 19. Rg1 Rg8 20. Rae1 Nb8 21. Qc2 b5 22. Qd2 Bc6 23. Nd1 Nd7 24. Qe3 Nb6 25. Qd2 Na4 26. Nb2 Nxb2 27. Qxb2 Kd7 28. Qd2 Rg6 29. Re2 Qg8 30. Qe3 Qg7 31. Qd2 Rg8 32. Ne1 Qh7 33. Qe3 Qh5 34. Qf3 Qh8 35. Qe3 Qg7 36. Qd2 Bd8 37. Qe3 Qh7 38. Qf3 Qg7 39. Qe3 Kc7 40. Qd2 Be7 41. Qe3 Ra8 42. Ra2 Qg8 43. Qd2 Kd7 44. Nf3 Qg7 45. Ne1 Rg8 46. Qe3 Qf8 47. Re2 Kc7 48. Qf3 Kb7 49. Qe3 Qg7 50. Qf3 Be8 51. Qe3 Qh7 52. Qf3 Bc6 53. Qe3 Qh8 54. Qf3 Ra8 55. Ra2 Rag8 1/2-1/2

[Event "Pere Noel"]
[Site "Montreal CAN"]
[Date "2009.12.30"]
[Round "5"]
[White "Dumont, Felix"]
[Black "Zhu, Hong Rui"]
[Result "1/2-1/2"]
[WhiteElo "1955"]
[BlackElo "1727"]
[PlyCount "78"]
[GameId "2160767910029934"]
[EventDate "2009.12.26"]
[EventType "swiss"]
[EventRounds "5"]
[EventCountry "CAN"]
[SourceTitle "hb 2010.01"]

1. e4 c5 2. c4 Nc6 3. Nf3 g6 4. d4 cxd4 5. Nxd4 d6 6. Nc3 Nf6 7. Be2 Nxd4 8. Qxd4 Bg7 9. O-O O-O 10. Qd3 Bd7 11. Be3 a6 12. Bd4 b5 13. cxb5 Bxb5 14. Nxb5 axb5 15. f3 Rb8 16. Rac1 Qd7 17. Rc2 b4 18. Rfc1 Rfc8 19. Rc4 Rxc4 20. Qxc4 d5 21. exd5 Qxd5 22. Qxd5 Nxd5 23. Bxg7 Kxg7 24. Kf2 e6 25. Rc5 Kf6 26. Bc4 Ke5 27. Bxd5 exd5 28. Rc7 Ke6 29. Ke3 Ra8 30. Rb7 Ra4 31. f4 h5 32. h3 Rxa2 33. Rxb4 Ra1 34. Rb6+ Kf5 35. Rd6 Re1+ 36. Kf3 Rf1+ 37. Ke3 Re1+ 38. Kf3 Rf1+ 39. Ke3 Re1+ 1/2-1/2